=LDR 00000nam 2200000 4500 =001 INLIS000000000036549 =005 20251230020336 =035 ##$$a 0010-061300000036549 =008 251230###########################0#ind## =041 ##$$a Ind =082 ##$$a 629.133 =090 ##$$a 629.133, Rah b =245 ##$$a Buku bergambar rahasia alam 43, rahasia pesawat antariksa /$c Wong Comic =260 ##$$a Jakarta :$b Elex Media Komputindo,$c 2010 =300 ##$$a 32 hlm, : $b ilus ; $c 23 cm =650 #4$$a Pesawat Ruang angkasa =850 ##$$a NBPNMAT =020 ##$$a 978-979-27-7115-2 =084 ##$$a 629.133 BUK r =990 ##$$a 20182018 =990 ##$$a 21101596